Top Ten 80's Movies - Statistics

General Stats
  • This quiz has been taken 511 times
    421 since last reset
  • The average score is 7 of 10
Answer Stats
Hint Actor # Movie % Correct
Marty McFly Kisses His Mom Michael J. Fox 1 Back to the Future
100%
Mr. Miyagi Teaches Daniel Karate Ralph Macchio 2 The Karate Kid
98%
Doc Gets Marty to Bring Him to the Future Christopher Lloyd 3 Back to the Future II
92%
Boy Pretends to be Sick for a Day Matthew Broderick 10 Ferris Bueller's Day Off
81%
Bruce Wayne Fights His Enemy Michael Keaton 9 Batman
80%
Young Boy Becomes an Adult Tom Hanks 8 Big
70%
Vader Kills Palpatine to Save Luke Harrison Ford 5 Return of the Jedi
70%
Vader Tells Luke That He is His Father Mark Hamill 4 Empire Strikes Back
67%
General Zod Attacks Metropolis Christopher Reeve 7 Superman II
53%
Terry Silver Trains Daniel Rough Karate Pat Morita 6 The Karate Kid III
28%
No matching quizzes found
Score Distribution
Percent of People with Each Score
Percentile by Number Answered
Your Score History
You have not taken this quiz since the last reset